Макроэкономика: учебник и практикум для прикладного бакалавриата

Dettagli Bibliografici
Ente Autore: Финансовый университет при Правительстве Российской Федерации
Altri autori: Родина Г. А. Галина Алексеевна (редактор)
Riassunto:Учебник охватывает всю стандартную проблематику дисциплины, читаемой в вузах нашей страны и за рубежом: особенности и основные результаты макроэкономического анализа, цели раз­вития и структуру национальной экономики, макроэкономическое равновесие как в закрытой, так и в открытой экономике, проблемы экономического роста и макроэкономической нестабильности: инфляция, цикличность, безработица, характеристику обществен­ного сектора экономики и макроэкономической политики, в том числе финансовой и денежно-кредитной, а также вопросы, свя­занные с теоретическим осмыслением практики в ходе эволюции основных школ макроэкономического исследования.Содержит учебно-методический комплекс. Ориентирован на ком-петентностный подход в обучении, что позволит сформировать у студента профессиональные, функциональные и когнитивные ком­петенции, необходимые ему для дальнейшего обучения и успешной деятельности в экономической сфере.Соответствует Федеральному государственному образователь­ному стандарту высшего образования четвертого поколения.Для студентов, аспирантов, преподавателей, специалистов, занимающихся изучением макроэкономических проблем, а также всех, кто хочет повысить уровень своих знаний в области макроэко­номической теории.
Lingua:russo
Pubblicazione: Москва, Юрайт, 2014
Serie:Бакалавр. Прикладной курс
Soggetti:
Natura: MixedMaterials Libro
KOHA link:https://koha.lib.tpu.ru/cgi-bin/koha/opac-detail.pl?biblionumber=249956

MARC

LEADER 00000nam0a2200000 4500
001 249956
005 20231101232524.0
010 |a 9785991640022 
010 |a 978-5-9916-3849-4 
035 |a (RuTPU)RU\TPU\book\272094 
090 |a 249956 
100 |a 20140210d2014 m y0rusy50 ca 
101 0 |a rus 
102 |a RU 
105 |a a j 001zy 
200 1 |a Макроэкономика  |e учебник и практикум для прикладного бакалавриата  |f Финансовый университет при Правительстве Российской Федерации ; под ред. Г. А. Родиной 
210 |a Москва  |c Юрайт  |d 2014 
215 |a 462 с.  |c ил. 
225 1 |a Бакалавр. Прикладной курс 
320 |a Библиогр.: с. 461-462. 
330 |a Учебник охватывает всю стандартную проблематику дисциплины, читаемой в вузах нашей страны и за рубежом: особенности и основные результаты макроэкономического анализа, цели раз­вития и структуру национальной экономики, макроэкономическое равновесие как в закрытой, так и в открытой экономике, проблемы экономического роста и макроэкономической нестабильности: инфляция, цикличность, безработица, характеристику обществен­ного сектора экономики и макроэкономической политики, в том числе финансовой и денежно-кредитной, а также вопросы, свя­занные с теоретическим осмыслением практики в ходе эволюции основных школ макроэкономического исследования.Содержит учебно-методический комплекс. Ориентирован на ком-петентностный подход в обучении, что позволит сформировать у студента профессиональные, функциональные и когнитивные ком­петенции, необходимые ему для дальнейшего обучения и успешной деятельности в экономической сфере.Соответствует Федеральному государственному образователь­ному стандарту высшего образования четвертого поколения.Для студентов, аспирантов, преподавателей, специалистов, занимающихся изучением макроэкономических проблем, а также всех, кто хочет повысить уровень своих знаний в области макроэко­номической теории. 
606 1 |a Макроэкономика  |2 stltpush  |3 (RuTPU)RU\TPU\subj\36372  |9 57778 
610 1 |a макроэкономическая теория 
610 1 |a макроэкономический анализ 
610 1 |a макроэкономическое моделирование 
610 1 |a макроэкономическое равновесие 
610 1 |a макроэкономическое регулирование 
610 1 |a национальная экономика 
610 1 |a валовой внутренний продукт 
610 1 |a отраслевая структура 
610 1 |a теневая экономика 
610 1 |a национальный круговорот 
610 1 |a макроэкономические показатели 
610 1 |a закрытая экономика 
610 1 |a национальный доход 
610 1 |a экономический рост 
610 1 |a экономические циклы 
610 1 |a макроэкономическая нестабильность 
610 1 |a инфляция 
610 1 |a безработица 
610 1 |a общественный сектор 
610 1 |a финансовая система 
610 1 |a финансовая политика 
610 1 |a денежно-кредитная политика 
610 1 |a открытая экономика 
610 1 |a макроэкономические школы 
610 1 |a экономическая мысль 
610 1 |a учебники 
610 1 |a практикумы 
686 |a У012.2я73  |v LBC/SL-A  |2 rubbk 
702 1 |a Родина  |b Г. А.  |g Галина Алексеевна  |4 340 
712 0 2 |a Финансовый университет при Правительстве Российской Федерации  |c (Москва)  |c (2010- )  |2 stltpush  |3 (RuTPU)RU\TPU\col\17114  |9 26530 
801 1 |a RU  |b 63413507  |c 20140210 
801 2 |a RU  |b 63413507  |c 20150520  |g RCR 
942 |c BK 
959 |a 23/20140207  |d 5  |e 449,00  |f ЧЗГЛ:1  |f АНЛ:1  |f УФ:3 
959 |a 102/20140609  |d 2  |e 439,00  |f ЧЗГЛ:1  |f АНЛ:1